Quizzes
Events
Quiz Creation
Community
Videos
Private Events
Remove Ads
Sign In
Join for FREE
Feedback
Dark Mode
Quiz Categories
Sports
Geography
Music
Movies
Television
Just For Fun
Miscellaneous
History
Literature
Language
Science
Gaming
Entertainment
Religion
Holiday
For Kids
Quiz Lab
Recent
Popular Today
Quiz Kudos Today
Editor Picks
Curator Picks
Quizzes by...
Day
Popularity
Type
Ratings
Length
Year
Community
Subscriptions
Recent Discussions
Orange Saloon
Badges
Playlists
Quests
Create
Leaderboards
Showdown
Live 5
Trivia Bingo
Activity
Puzzle Library
Sporcle Events
Private Events
Virtual Trivia
Globe League
Become a Host
Pub Owners
SporcleCon
Opinionation
Our Games
Videos
Blog
Mobile Apps
Partnerships
Remove Ads and Go Orange
Feedback
Gaming
Video Games
Board Games
Card Games
Pokémon
Mario
Nintendo
Minecraft
Console
Toys
Legend of Zelda
Gaming
Video Games
Board Games
Card Games
Pokémon
Mario
Nintendo
Minecraft
Console
Toys
Legend of Zelda
Random Quiz
Search Sporcle
×
Quiz Lab
Quiz Lab
Gaming
complete
Type in answers that appear in a list
Type in answers that appear in a list
Classic
Best Score? Go Orange.
Call of Duty Zombies Quiz Stats
Can You Complete the Quiz?
By
AsgLoki
20m
115 Questions
244 Plays
244 Plays
244 Plays
Comments
Comments
Give Quiz Kudos
Give Quiz Kudos
-
- Ratings
hide this ad
Replay
Link that replays current quiz
Next Quiz
Link to next quiz in quiz playlist
You Got
0%
They Got
Avg Score
33%
Avg Friend Score
Upgrade to see
Score Distribution
Jump to the score distribution portion of the page
Score
0/115
Timer
20:00
0
Plays Today
Questions
Answers
% Correct
Amount of non-
speaking playable characters?
20
63.5%
How many maps are there since BO3 DLC 1?
21
57.8%
If you wanna get up...
Quick Revive
57%
Steals your guns
Pentagon Thief
56.1%
CotD main boss
George Romero
56.1%
Ancient Staff
Fire
55.7%
Fluffy's beloved children
Hellhound
55.3%
The Wonder Weapon in every Zombies Map
Ray Gun
54.9%
Who needs aimbot with this perk?
Deadshot
54.5%
It'll speed up your life!
Speed Cola
54.1%
Guns go from 2 to 3
Mule Kick
53.3%
Ancient Staff
Ice
52.9%
'The Doctor likes his medicine!'
Juggernog
52.5%
Ancient Staff
Wind
52.5%
Locks down perks and benches around the map
Brutus
52.5%
Poppin' cherries since Alcatraz
Electric Cherry
51.6%
PHD and Stamin-
Up were added in this map
Ascension
51.2%
Can make even the heaviest of weapons as light as a pistol
Stamin-Up
50.4%
Ancient Staff
Lightning
50.4%
Amount of speaking playable characters?
28
49.6%
Deadshot was added in this map
Call of the Dead
48.8%
Mule Kick was introduced in this map
Moon
48.8%
The original controller of the zombies
Samantha
48.4%
A woman's favorite drink
Widow's Wine
47.1%
Tomahawk of choice
Hell's Retriever
47.1%
Tentacles... So many tentacles...
Margwa
46.7%
First map to introduce perks
Verruckt
46.7%
Steals your points......
Witch
45.9%
Has a nasty flamethrower
Panzer Soldat
45.5%
'Our complete assimilation of this dimension will now... Proceed.'
The Shadow Man
45.1%
Gives the eyes of an eagle
Vulture Aid
45.1%
Blows up all zombies
Nuke
45.1%
I'm my own best friend
Who's Who
44.3%
Created by the Ascension Group dubbed 'Project Thunder'
Thundergun
44.3%
Mr. Freeze's favorite gun
Winter's Howl
44.3%
Minigun that lasts 30 seconds
Death Machine
44.3%
Steals your perks
Space Monkey
43.9%
Point output doubled
Double Points
43.9%
'I will bathe naked, in your blood!'
Edward Richtofen
43.4%
Questions
Answers
% Correct
Box spins 10 points per spin
Fire Sale
43.4%
Gives you a random gun
Mystery Box
43%
Replenishes Ammo
Max Ammo
43%
Hold 'X/
Square' to feed the zombies
Tombstone
42.2%
The element to start it all
115
42.2%
'Even a blind, squirrell is right twice a day.'
Tank Dempsey
41.8%
Rebuilds Barriers
Carpenter
41.4%
Makes zombies die instantly
Insta-Kill
41.4%
Explodes upon death
Napalm
40.6%
Tastes like prunes
PHD Flopper
40.6%
'Stay away from my vodka! What? it's a classic!'
Nikolai Belinski
40.6%
'Your death brings me honor!'
Takeo Masaki
39.8%
Explosive made by Dr. Richtofen
Monkey Bomb
38.5%
First map to introduce Pack a Punch
Der Reise
38.1%
Tiny tentacle monster thing that kills zombies
Li'l Arnie
38.1%
Sniper with explosive capabilities
Scavenger
36.9%
Steals your perks also...
Astronaut
36.5%
Turns Zombies into humans
VR-11
36.1%
'Why is it chewy?'
Double Tap Root Beer
35.7%
Created by Dr. Richtofen using 115 (fan favorite)
Wunderwaffe DG-2
34.8%
The worst wonder weapon in existence
Jet Gun
33.2%
The first map to introduce buildables
Five
33.2%
Pack a Punch 1000 points per use
Bonfire Sale
32.4%
The most powerful artifact in the universe
Summoning Key
32%
Head scientist at the Ascension compound
Gersch
31.1%
Screams and blurs vision
Shrieker
30.7%
Origins Easter Egg achievement
Little Lost Girl
30.7%
Shoots black holes
Apothicon Servant
29.1%
Freezes zombies in place, also you can fly
Paralyzer
28.7%
Black hole generator made by the Ascension Group
Gersch Device
28.7%
Looks eerily like the nova crawlers...
Jumping Jack
27.9%
Makes good popcorn out of zombie meat
Wave Gun
27.9%
Travel back in time
Time Bomb
27%
Can only be killed my melee
Avogadro
26.6%
The Warden always had a thing for WWI weapons
Blundergat
26.6%
TranZit Easter Egg achievement
Tower of Babble
25.4%
MotD Easter Egg achievement
Pop Goes the Weasel
25%
Coated in the freak bag's stink
Zombie Blood
24.6%
Has numerous, seemingly random effects
QED
23.8%
Questions
Answers
% Correct
Designed the Ray Gun
Porter
23.8%
Bonus Points
Blood Money
23.8%
The hanging man
Peter McCain
23%
Specialst weapon; place down to electrify zombies
Ragnarok DG-4
21.7%
The Moon base
Griffin Station
21.7%
You must cleanse him to charge the Summoning Key
Keeper
20.5%
Robots rain hell upon those who swarm to this object
G-Strike
19.7%
Scientist who sucked his friend into a black hole
Yuri
19.7%
Upgraded Staff
Ull's Arrow
19.3%
Gives you a random perk
Der Wunderfizz
18.9%
Shrinks zombies
31-79 JGb215
18.9%
Like the original, but better
Ray Gun Mark II
18%
Der Eisendrache Easter Egg achievement
My Brother's Keeper
16.8%
Gifted by the Apothicons, upgraded by the Keepers
Apothicon Sword
16.8%
Item obtained at the end of the Shangri-
La EE
Focusing Stone
16.8%
Buried Easter Egg achievement
Mined Games
16%
Upgraded Staff
Boreas' Fury
16%
Upgraded Staff
Kimat's Bite
16%
The one who the Scientist had feeling for
Sophia
15.6%
Die Rise Easter Egg achievement
High Maintenance
14.8%
Russian dolls that explode
Matryoshka Dolls
14.8%
Moon Easter Egg achievement (1st half)
Cryogenic Slumber Party
14.3%
Can eat food and kill the undead with this tool
Golden Spork
14.3%
Moon Easter Egg achievement (2nd half)
Big Bang Theory
11.1%
CotD Easter Egg achievement (co-
op)
Ensemble Cast
9.4%
The gateway to the Aether
MPD
9.4%
Upgraded Staff
Kagutsuchi's Blood
9%
SoE Easter Egg
Apocalypse Averted
8.6%
The first tactical in Zombies
Molotov Cocktail
7.4%
Scientist, betrayed by his closest friend.
Dr. Ludvig Maxis
6.6%
Need an extra perk?
Random Perk Bottle
6.1%
CotD Easter Egg achievement (solo)
Stand-in
5.7%
The best way to kill a zombie; by decking it in the face
One-Inch Punch
5.3%
The only way to get a scoped Kar 98
Sniper Cabinet
5.3%
Wunderwaffe Power-
Up
Lightning Bolt
4.1%
Shangri-
La Easter Egg achievement
Only Time Travel Will Tell
1.6%
Item obtained at the end of the CotD EE
Vril Generator
1.6%
Quiz Playlist
Details
Report
Send in Message
Add To Playlist
Classic:
Type in answers that appear in a list
Last Updated: Feb 16, 2017
Quiz Scoreboard
CHALLENGE
Sign Up to Join the Scoreboard
Show All
Scores
Hide
Comments
May contain spoilers
Recently Published
Billboard Blitz: Fleetwood Mac
by CooCooCachoo
Music
15s
Presidents Visiting Landmarks
by Hejman
History
7m
An Introduction to Baseball
by treessimontrees
Sports
5m
More to Explore
Quiz From the Vault
Featured Blog Post
Where Did the Easter Bunny Come From?
hide this ad
You Might Also Like...
Tags
call
Call of Duty
cod
Comby
complete
tough
Zombies
Today's Top Quizzes in Gaming
Browse Gaming
hide this ad
Today's Top Quizzes in complete
Browse complete
Top Contributed Quizzes in Gaming
1
5-to-1: Consoles
2
5-to-1: Legend of Zelda
3
7-to-1: Board Game Piece Blitz
4
Destiny 2 exotic weapons by perk icons
5
Ultimate Genshin Impact Logic Puzzle (up to 4.3)
6
Franchise by Action Figure
7
Genshin Impact Logic Puzzle Quiz
8
Who's on the WWE 2K24 Cover?
9
Overwatch Logic Puzzle
10
League of Legends Pro Players by Career/Team History
Explore More
Trending Topics
Disney
Anime
Crossword
NBA
Kpop
Harry Potter
Marvel
Puzzle
NFL
Soccer
Song
Pokémon
WWE
The Office
Country
hide this ad
More By:
AsgLoki
Quiz
Plays
Rating
Category
Featured
Created
Call of Duty Zombies Quiz
244
3.00
Gaming
Mar 17, 2016
Go to Creator's Profile
Score Distribution
Quiz Creator Spotlight
AsgLoki
Follow
Send a Message
Quizzes Created
-
Created Quiz Play Count
-
More By This Creator
Popular Quizzes Today
1
Find the US States - No Outlines Minefield
2
Find the Countries of Europe - No Outlines Minefield
3
The Countries of the World
4
Find the US States
5
Popular People in 1961
6
US States
7
Risky Map Clicking: Biggest States A-Z
8
Movies - When Are They Set?
More Gaming Quizzes
Guilty Gear Playable Characters
Quiz Lab
Trending Quizzes
Risky Map Clicking: Least Populous States A-Z
1-10 Letter G Words
1-10 Letter F Words
Risky Map Clicking: Next State Alphabetically
Risky Map Clicking: Biggest States A-Z
Recently Updated
Leaping Animals
pecheneg
Reality TV Shows (A-Z)
bhenderson79
Rickey Henderson's Hall of Fame Teammates
pecheneg
Champions League XIs: Arsenal
pecheneg
Quick Pick: Celebrities in WWE's Hall of Fame
aduchscher
A-Z Keypad Blitz II
pecheneg
Multiple Oscar Actors
pecheneg
Mystery Phrase Blitz: Oscar 'Best Actors'
pecheneg
F. Scott Fitzgerald Novels
LTH
Pick 3 Villains
ddd62291
Trending Topics
Marvel
Crossword
Anime
Harry Potter
Kpop
Disney
NBA
WWE
The Office
Country
Song
Pokémon
Soccer
NFL
Puzzle
Your Account Isn't Verified!
In order to create a playlist on Sporcle, you need to verify the email address you used during registration. Go to your
Sporcle Settings
to finish the process.
Report this User
Report this user for behavior that violates our
Community Guidelines
.
Details:
Send Report
Go to the Sporcle.com Mobile Site →
Comments